000 00442nmm a2200157Ia 4500
008 251105s9999||||xx |||||||||||||||||und||
041 _aspa
100 _aMartínez, Mila
245 0 _aAutorretrato con mar al fondo
264 _a[Madrid, España] :
_bEditorial Egales,
_c2018
300 _a200 páginas
490 _aNarrativa
650 _aSpanish narrative
856 _uhttps://public.digitaliapublishing.com/a/171376
942 _cCF
999 _c100172
_d100172